[Event "2.BLW 0607 Godesberger SK - Turm Berghe"]
[Site "Godesberg"]
[Date "2006.11.19"]
[Round "3.8"]
[White "Armbruster, Alexander"]
[Black "Swinkels, Robin"]
[Result "1-0"]
[WhiteElo "2351"]
[BlackElo "2378"]
[PlyCount "133"]
[WhiteTeamCountry "GER"]
[BlackTeamCountry "NED"]
[EventDate "2006.11.19"]

1. d4 Nf6 2. c4 g6 3. Nc3 d5 4. cxd5 Nxd5 5. Bd2 Bg7 6. Nf3 O-O 7. Rc1 Nb6 8.
Bg5 Nc6 9. e3 Be6 10. Bb5 Bc4 11. Bxc4 Nxc4 12. O-O Nd6 13. Qb3 Qd7 14. Rfd1 e5
15. dxe5 Nxe5 16. Nxe5 Bxe5 17. Nd5 c6 18. Bf6 cxd5 19. Bxe5 Qe6 20. Qxd5 Qxd5
21. Rxd5 Rac8 22. Rcd1 Nc4 23. Bf6 Rc6 24. Bc3 Nb6 25. Rd6 Rxd6 26. Rxd6 Rc8
27. g4 Kf8 28. Bf6 Ke8 29. Kg2 Nd7 30. Bc3 Rc5 31. Rd4 h5 32. Re4+ Kd8 33. Rf4
Ke8 34. Bb4 Rb5 35. a4 Re5 36. h3 hxg4 37. hxg4 Nb6 38. Bc3 Re6 39. Rb4 Nd5 40.
Rxb7 Nxc3 41. bxc3 Ra6 42. Rb4 Ke7 43. f4 Ke6 44. Kf3 Rc6 45. c4 f6 46. a5 Ra6
47. Rb5 Rc6 48. g5 Rxc4 49. gxf6 Rc7 50. a6 Kxf6 51. Rb7 Rc4 52. Rxa7 Ra4 53.
Ra8 g5 54. fxg5+ Kg6 55. e4 Ra5 56. Kf4 Ra4 57. Rh8 Kg7 58. Rh6 Ra5 59. Rb6 Kf7
60. e5 Ra1 61. Rf6+ Kg7 62. Kf5 Ra2 63. Rb6 Rf2+ 64. Ke6 Kg6 65. Kd7+ Kxg5 66.
e6 Rd2+ 67. Rd6 1-0

[Event "2.BLW 0607 SCH Dortmund - GSK"]
[Site "Dortmund"]
[Date "2006.12.10"]
[Round "4.1"]
[White "Sprenger, Jan-Michael"]
[Black "Henrichs, Thomas"]
[Result "1/2-1/2"]
[WhiteElo "2525"]
[BlackElo "2482"]
[PlyCount "39"]
[EventDate "2006.12.10"]
[WhiteTeamCountry "GER"]
[BlackTeamCountry "GER"]

1. e4 c5 2. Nf3 d6 3. d4 cxd4 4. Nxd4 Nf6 5. Nc3 a6 6. Be3 e6 7. f3 b5 8. Qd2
Nbd7 9. g4 Bb7 10. g5 Nh5 11. O-O-O Rc8 12. Kb1 g6 13. Nb3 Be7 14. f4 O-O 15.
Bg2 Nb6 16. Na5 Ba8 17. f5 b4 18. f6 Bxf6 19. gxf6 bxc3 20. Qxd6 {(=)} 1/2-1/2

[Event "2.BLW 0607 SCH Dortmund - GSK"]
[Site "Dortmund"]
[Date "2006.12.10"]
[Round "4.2"]
[White "Klyuner, Vyacheslav"]
[Black "Steingrimsson, Hedinn"]
[Result "1-0"]
[WhiteElo "2403"]
[BlackElo "2466"]
[PlyCount "95"]
[EventDate "2006.12.10"]
[WhiteTeamCountry "UKR"]
[BlackTeamCountry "ISL"]

1. e4 c5 2. Nf3 d6 3. g3 Nc6 4. Bg2 g6 5. O-O Bg7 6. c3 e5 7. Na3 Nge7 8. Nc2
O-O 9. d4 exd4 10. cxd4 Bg4 11. dxc5 dxc5 12. Ne3 Be6 13. Ng5 Bd7 14. Nh3 Nd4
15. Nf4 a5 16. Nfd5 Nxd5 17. Nxd5 Bc6 18. Be3 f5 19. Bxd4 Bxd4 20. Nf4 Qd6 21.
Qb3+ Kh8 22. Qe6 Rad8 23. exf5 Bxg2 24. Kxg2 Rxf5 25. Rad1 Qf8 26. Rd2 Rd6 27.
Qe2 Rdf6 28. Ne6 Qd6 29. Nxd4 Qd5+ 30. Kg1 cxd4 31. b3 Rf3 32. Rd3 Rxd3 33.
Qxd3 Rd6 34. Re1 Rd7 35. h4 Kg7 36. Kh2 b5 37. f4 Qc6 38. Re5 b4 39. h5 Qc3 40.
Qe4 Qd2+ 41. Kh3 Qd1 42. hxg6 hxg6 43. f5 Qf1+ 44. Kh4 Kh6 45. Re6 Rg7 46. fxg6
Qf2 47. Kg4 Qd2 48. Qh1+ 1-0

[Event "2.BLW 0607 SCH Dortmund - GSK"]
[Site "Dortmund"]
[Date "2006.12.10"]
[Round "4.3"]
[White "Jenni, Florian"]
[Black "Kohlweyer, Bernd"]
[Result "1-0"]
[WhiteElo "2521"]
[BlackElo "2402"]
[PlyCount "51"]
[EventDate "2006.12.10"]
[WhiteTeamCountry "SUI"]
[BlackTeamCountry "GER"]

1. e4 c5 2. Nf3 d6 3. d4 cxd4 4. Nxd4 Nf6 5. Nc3 a6 6. Be3 e6 7. g4 h6 8. Bg2
Nc6 9. h3 Qc7 10. f4 Be7 11. Qe2 Bd7 12. O-O-O Rb8 13. Bf3 b5 14. g5 hxg5 15.
fxg5 Nh7 16. Nxc6 Bxc6 17. Qg2 Bd7 18. g6 Nf6 19. Rhg1 Rf8 20. e5 dxe5 21. Ne4
Nxe4 22. gxf7+ Rxf7 23. Bxe4 Bf6 24. Bg6 Rc8 25. Bxf7+ Kxf7 26. Qg6+ 1-0

[Event "2.BLW 0607 SCH Dortmund - GSK"]
[Site "Dortmund"]
[Date "2006.12.10"]
[Round "4.4"]
[White "Eismont, Oleg"]
[Black "Likavsky, Tomas"]
[Result "0-1"]
[WhiteElo "2377"]
[BlackElo "2480"]
[PlyCount "66"]
[EventDate "2006.12.10"]
[WhiteTeamCountry "RUS"]
[BlackTeamCountry "SVK"]

1. e4 c5 2. Nf3 e6 3. Nc3 a6 4. g3 b5 5. Bg2 Bb7 6. d3 d6 7. O-O Nd7 8. Ne1 Ne7
9. f4 g6 10. Qe2 b4 11. Nd1 Bg7 12. f5 exf5 13. exf5 Bxg2 14. Nxg2 O-O 15. Bg5
f6 16. Bd2 Nxf5 17. Rxf5 gxf5 18. Qe6+ Kh8 19. Qxd6 Re8 20. Nde3 Ne5 21. Qxd8
Raxd8 22. Rf1 Bh6 23. Bc1 Nc6 24. Rxf5 Nd4 25. Rf2 Re6 26. Bd2 Rde8 27. c3 b3
28. axb3 Nxb3 29. Nc4 Nxd2 30. Nxd2 Bxd2 31. Rxd2 Re2 32. Rd1 Rxb2 33. Nf4 Reb8
0-1

[Event "2.BLW 0607 SCH Dortmund - GSK"]
[Site "Dortmund"]
[Date "2006.12.10"]
[Round "4.5"]
[White "Jackelen, Thomas"]
[Black "Ackermann, Hans Werner"]
[Result "1-0"]
[WhiteElo "2446"]
[BlackElo "2339"]
[PlyCount "73"]
[EventDate "2006.12.10"]
[WhiteTeamCountry "GER"]
[BlackTeamCountry "GER"]

1. Nf3 c5 2. c4 Nc6 3. Nc3 Nf6 4. d4 cxd4 5. Nxd4 e5 6. Ndb5 Bb4 7. Bg5 O-O 8.
a3 Bxc3+ 9. Nxc3 h6 10. Bh4 Nd4 11. e3 Nf5 12. Bxf6 Qxf6 13. Bd3 Ne7 14. O-O
Qb6 15. Be4 d6 16. Qe2 f5 17. Nd5 Nxd5 18. Bxd5+ Kh8 19. Rad1 a5 20. Rd2 a4 21.
Rfd1 Rf6 22. Qd3 Ra5 23. Qc3 Qa6 24. Qb4 Rc5 25. h3 Kh7 26. f4 Qa7 27. Kh2 Rc7
28. Qc3 Re7 29. Bf3 e4 30. Be2 Ree6 31. g4 Qc5 32. Rd5 Qc7 33. gxf5 Re7 34. c5
dxc5 35. Rxc5 Rc6 36. Rc1 Bxf5 37. Bb5 {(Zeit)} 1-0

[Event "2.BLW 0607 SCH Dortmund - GSK"]
[Site "Dortmund"]
[Date "2006.12.10"]
[Round "4.6"]
[White "Mainka, Gregor"]
[Black "Schmidt, Bodo"]
[Result "0-1"]
[WhiteElo "2327"]
[BlackElo "2338"]
[PlyCount "60"]
[EventDate "2006.12.10"]
[WhiteTeamCountry "GER"]
[BlackTeamCountry "GER"]

1. Nf3 d5 2. e3 Nf6 3. b3 g6 4. Bb2 Bg7 5. d4 O-O 6. c4 c6 7. Nc3 Bg4 8. Be2
Ne4 9. Nxe4 dxe4 10. Nd2 Bxe2 11. Qxe2 f5 12. f3 c5 13. O-O-O cxd4 14. exd4
Bxd4 15. Nxe4 e5 16. Bxd4 exd4 17. Nc5 Re8 18. Qd2 Nc6 19. Rhe1 Qd6 20. Nxb7
Qxh2 21. f4 Qh4 22. Nd6 Rxe1 23. Rxe1 a5 24. Re6 Qh1+ 25. Kb2 a4 26. Nb5 axb3
27. a3 Na5 28. Qe2 Kg7 29. g4 d3 30. Qe5+ Kh6 0-1

[Event "2.BLW 0607 SCH Dortmund - GSK"]
[Site "Dortmund"]
[Date "2006.12.10"]
[Round "4.7"]
[White "Dranov, Alexander"]
[Black "Schunk, Thomas Dr"]
[Result "1-0"]
[WhiteElo "2390"]
[BlackElo "2244"]
[PlyCount "73"]
[EventDate "2006.12.10"]
[WhiteTeamCountry "UKR"]
[BlackTeamCountry "GER"]

1. e4 g6 2. d4 c6 3. Nc3 d5 4. Nf3 Bg4 5. Be2 Nf6 6. e5 Nfd7 7. Ng5 Bxe2 8. e6
fxe6 9. Qxe2 Nb6 10. Qf3 Qc8 11. Qf7+ Kd7 12. Qxe6+ Kd8 13. Qf7 Kd7 14. Nxh7
Nc4 15. Bf4 Nd6 16. Qxg6 e6 17. Nf6+ Kc7 18. Ne8+ Kd7 19. Ng7 Na6 20. Qxe6+ Kc7
21. O-O-O Qd7 22. Qg6 Bxg7 23. Bxd6+ Qxd6 24. Qxg7+ Kb6 25. Qg3 Qh6+ 26. Qe3
Qg7 27. Na4+ Ka5 28. Qa3 Rab8 29. Nc5+ Kb6 30. Rhe1 Nxc5 31. Qxc5+ Ka6 32. Rd3
Qh6+ 33. Kb1 b6 34. Ra3+ Kb7 35. Qe7+ Kc8 36. Rxa7 Qh7 37. Rc7# 1-0

[Event "2.BLW 0607 SCH Dortmund - GSK"]
[Site "Dortmund"]
[Date "2006.12.10"]
[Round "4.8"]
[White "Bischof, Detlef"]
[Black "Armbruster, Alexander"]
[Result "1-0"]
[WhiteElo "2274"]
[BlackElo "2351"]
[PlyCount "77"]
[EventDate "2006.12.10"]
[WhiteTeamCountry "GER"]
[BlackTeamCountry "GER"]

1. d4 d5 2. c4 dxc4 3. e3 Nf6 4. Bxc4 a6 5. Nf3 e6 6. O-O b5 7. Be2 Nbd7 8. a4
b4 9. Nbd2 Bb7 10. Nc4 Be7 11. Nfe5 Bd5 12. f3 c5 13. dxc5 Bxc5 14. Kh1 Nxe5
15. Nxe5 Qb8 16. Nd3 Bd6 17. g3 O-O 18. e4 Bb7 19. Bg5 a5 20. Qd2 Nd7 21. Rac1
f6 22. Be3 Rd8 23. Rfd1 Ne5 24. Nxe5 Bxe5 25. Qxd8+ Qxd8 26. Rxd8+ Rxd8 27. b3
f5 28. exf5 exf5 29. Rc5 Bf6 30. Rxa5 Re8 31. Bc4+ Kh8 32. Bc5 Bxf3+ 33. Kg1
Bc3 34. Kf2 Bd1 35. Rb5 h5 36. Bxb4 Bd4+ 37. Kg2 g6 38. Rd5 Bf6 39. Rxd1 1-0